| 000 | 01266nam a22002897a 4500 | ||
|---|---|---|---|
| 999 |
_c63642 _d63642 |
||
| 005 | 20240530110651.0 | ||
| 008 | 171212s2016 ua ak g b 000 0 ara d | ||
| 017 |
_a29915 _bمصر. دار الكتب |
||
| 020 | _a9789773583439 | ||
| 040 |
_aEG-CaGPL _cEG-CaGPL |
||
| 082 | 0 | 4 |
_221 _a027.7 / _bف د |
| 100 | 0 | _aفهد الفريح | |
| 245 | 1 | 0 |
_aدور المكتبات ومراكز المعلومات الاكاديمية فى دعم برامج التعليم عن بعد فى التعليم العالى / _cتاليف فهد الفريح ؛ ترجمة عبدالحكم احمد الخزامى |
| 250 | _aط. 1 | ||
| 260 |
_aالقاهرة : _bدار الفجر للنشر و التوزيع ، _c2016. |
||
| 300 |
_a538 ص. : _bايض ؛ _c24 سم. |
||
| 504 | _aيشتمل على ارجاعات ببليوجرافية | ||
| 650 | 0 | 7 |
_2qrmak _aالمكتبات _xعلم |
| 650 | 0 | 7 |
_2qrmak _aالمكتبات الاكاديمية |
| 650 | 0 | 7 |
_2qrmak _aالتعليم العالى |
| 650 | 0 | 7 |
_2qrmak _aمراكز المعلومات |
| 651 | _2qrmak | ||
| 653 | 0 | _aتكنولوجيا التعليم العالى | |
| 700 | 0 |
_aعبدالحكم احمد الخزامى _eمترجم |
|
| 942 |
_2ddc _cBK |
||